<?xml version="1.0" encoding="UTF-8"?>
<record
    xmlns:xsi="http://www.w3.org/2001/XMLSchema-instance"
    xsi:schemaLocation="http://www.loc.gov/MARC21/slim http://www.loc.gov/standards/marcxml/schema/MARC21slim.xsd"
    xmlns="http://www.loc.gov/MARC21/slim">

  <leader>00403nam a2200157   4500</leader>
  <controlfield tag="005">20260327091108.0</controlfield>
  <datafield tag="020" ind1=" " ind2=" ">
    <subfield code="a">9781399818513</subfield>
  </datafield>
  <datafield tag="082" ind1=" " ind2=" ">
    <subfield code="a">551.46</subfield>
    <subfield code="b">ATT.O</subfield>
  </datafield>
  <datafield tag="084" ind1=" " ind2=" ">
    <subfield code="2">Colon Classification</subfield>
  </datafield>
  <datafield tag="100" ind1=" " ind2=" ">
    <subfield code="a">Attenborough, David</subfield>
    <subfield code="9">12694</subfield>
  </datafield>
  <datafield tag="245" ind1=" " ind2=" ">
    <subfield code="a">Ocean:</subfield>
    <subfield code="b">Earth's last wilderness</subfield>
  </datafield>
  <datafield tag="260" ind1=" " ind2=" ">
    <subfield code="a">London:</subfield>
    <subfield code="b">John murray;</subfield>
    <subfield code="c">2025.</subfield>
  </datafield>
  <datafield tag="300" ind1=" " ind2=" ">
    <subfield code="a">384p.</subfield>
  </datafield>
  <datafield tag="700" ind1=" " ind2=" ">
    <subfield code="a">Colin Butfield</subfield>
    <subfield code="9">12695</subfield>
  </datafield>
  <datafield tag="942" ind1=" " ind2=" ">
    <subfield code="2">ddc</subfield>
    <subfield code="c">BK</subfield>
  </datafield>
  <datafield tag="999" ind1=" " ind2=" ">
    <subfield code="c">758180</subfield>
    <subfield code="d">758180</subfield>
  </datafield>
  <datafield tag="952" ind1=" " ind2=" ">
    <subfield code="0">0</subfield>
    <subfield code="1">0</subfield>
    <subfield code="2">ddc</subfield>
    <subfield code="4">0</subfield>
    <subfield code="7">0</subfield>
    <subfield code="8">NFIC</subfield>
    <subfield code="a">CAMPUS</subfield>
    <subfield code="b">CAMPUS</subfield>
    <subfield code="c">GEN</subfield>
    <subfield code="d">2026-03-27</subfield>
    <subfield code="g">1299.00</subfield>
    <subfield code="l">0</subfield>
    <subfield code="o">551.46 ATT.O</subfield>
    <subfield code="p">UCL35093</subfield>
    <subfield code="r">2026-03-27 03:41:38</subfield>
    <subfield code="w">2026-03-27</subfield>
    <subfield code="y">BK</subfield>
  </datafield>
</record>
